[Event "II Festival A"]
[Site "Lido degli Estensi - Comacchio ITA"]
[Date "2001.06.08"]
[Round "7"]
[White "Martinovic, Slobodan"]
[Black "Mukic, Josko"]
[Result "1/2-1/2"]
[WhiteElo "2433"]
[BlackElo "2268"]
[PlyCount "71"]
[EventDate "2001.06.02"]

1.Nf3 Nf6 2.d4 g6 3.g3 Bg7 4.Bg2 O-O 5.O-O d6 6.Re1 Nbd7 7.e4 e5 8.Nc3 Re8
9.h3 c6 10.a4 a5 11.Be3 exd4 12.Nxd4 Nc5 13.f3 Qe7 14.Qd2 Bd7 15.Rad1 Rad8
16.Bf2 Bc8 17.f4 Kf8 18.Kh2 h5 19.Nb3 Nxb3 20.cxb3 Be6 21.Qc2 d5 22.e5 Nd7
23.Ne2 f6 24.Qxg6 Bf7 25.Qc2 fxe5 26.fxe5 Nxe5 27.Nf4 Qd6 28.Re2 h4 29.
Rde1 d4 30.Re4 d3 31.Qd2 Bh6 32.Kh1 Ng6 33.Rxe8+ Bxe8 34.Be3 Nxf4 35.Bxf4 
Bxf4 36.gxf4 1/2-1/2

[Event "II Festival A"]
[Site "Lido degli Estensi - Comacchio ITA"]
[Date "2001.06.08"]
[Round "7"]
[White "Mrdja, Milan"]
[Black "Formanek, Edward W."]
[Result "0-1"]
[WhiteElo "2450"]
[BlackElo "2293"]
[PlyCount "102"]
[EventDate "2001.06.02"]

1.e4 e6 2.d4 d5 3.Nc3 Bb4 4.e5 Ne7 5.a3 Bxc3+ 6.bxc3 b6 7.Qg4 Ng6 8.h4 h5 
9.Qg3 Ba6 10.Ne2 Rg8 11.Bg5 Qd7 12.Qf3 Qa4 13.Qxh5 Nc6 14.Qh7 Kd7 15.h5 
Nge7 16.Bxe7 Nxe7 17.Ng3 Rh8 18.Qxg7 Bxf1 19.Kxf1 Qxc2 20.Qg4 Qxc3 21.Qd1 
c5 22.Rh4 Nc6 23.Ne2 Qb2 24.g3 cxd4 25.Rb1 Qxa3 26.Nxd4 Nxe5 27.Rh3 Qc5 
28.Kg2 Rac8 29.Qe2 Nc6 30.Nf3 Kc7 31.Qd2 Qd6 32.Rb3 Kb7 33.Ng5 Qe7 34.h6 
f6 35.Nf3 Ne5 36.Nxe5 fxe5 37.Qe2 e4 38.g4 Qg5 39.Rh5 Qg6 40.Rbh3 Rh7 41.
g5 Rc5 42.Rg3 a5 43.Qg4 Ka7 44.Rh1 Rf7 45.Qh5 Rxf2+ 46.Kxf2 Qf5+ 47.Ke2 
Qf4 48.Re3 d4 49.Rhh3 dxe3 50.Rxe3 Rxg5 51.Qh3 Rb5 0-1

[Event "II Festival A"]
[Site "Lido degli Estensi - Comacchio ITA"]
[Date "2001.06.08"]
[Round "7"]
[White "Navarro, Emanuele"]
[Black "Tocco, Paolo"]
[Result "0-1"]
[WhiteElo "1924"]
[BlackElo "2144"]
[PlyCount "86"]
[EventDate "2001.06.02"]

1.d4 f5 2.g3 Nf6 3.Bg2 d6 4.Nf3 g6 5.Nc3 Bg7 6.Bf4 Nbd7 7.e4 Nb6 8.e5 Nh5 
9.Qe2 Nxf4 10.gxf4 d5 11.h4 e6 12.h5 Qe7 13.hxg6 hxg6 14.Rxh8+ Bxh8 15.
O-O-O Bd7 16.Nb5 O-O-O 17.Na3 Kb8 18.Kb1 Rc8 19.Qe3 Bg7 20.Rh1 Bf8 21.Ng5 
Qb4 22.c3 Qa5 23.Nc2 Nc4 24.Qc1 c5 25.Bf1 Nb6 26.Rh8 Na4 27.Nh7 Be7 28.
Rxc8+ Bxc8 29.dxc5 Bxc5 30.Qd2 Qb6 31.Nd4 Be7 32.Bb5 Nc5 33.Ng5 Qd8 34.f3 
a6 35.Bf1 Bxg5 36.fxg5 Qh8 37.f4 Ne4 38.Qg2 Qh4 39.Ne2 Qe1+ 40.Kc2 Bd7 41.
Nd4 Ba4+ 42.Nb3 Nf2 43.c4 d4 0-1

[Event "II Festival A"]
[Site "Lido degli Estensi - Comacchio ITA"]
[Date "2001.06.08"]
[Round "7"]
[White "Popa, Claudiu"]
[Black "Costantini, Laura"]
[Result "1-0"]
[WhiteElo "2101"]
[BlackElo "1924"]
[PlyCount "49"]
[EventDate "2001.06.02"]

1.e4 c5 2.c3 Nf6 3.e5 Nd5 4.d4 cxd4 5.cxd4 Nc6 6.Nf3 d6 7.Bc4 Nb6 8.Bb5 
dxe5 9.Nxe5 Bd7 10.Nc3 e6 11.O-O a6 12.Bxc6 Bxc6 13.Nxc6 bxc6 14.Qg4 Qf6 
15.Be3 Be7 16.Rac1 Rc8 17.d5 Nd7 18.dxc6 Ne5 19.Qa4 O-O 20.Bd4 Qf4 21.Bxe5
Qxe5 22.Qxa6 Bd6 23.g3 h5 24.Qb5 h4 25.Rfe1 1-0

[Event "II Festival A"]
[Site "Lido degli Estensi - Comacchio ITA"]
[Date "2001.06.08"]
[Round "7"]
[White "Ricci, Alfredo"]
[Black "Mayers, Dan E."]
[Result "0-1"]
[WhiteElo "2088"]
[BlackElo "2115"]
[PlyCount "55"]
[EventDate "2001.06.02"]

1.e4 e6 2.d4 d5 3.Nc3 Nf6 4.Bg5 Bb4 5.e5 h6 6.Bxf6 gxf6 7.Nf3 c5 8.a3 Ba5 
9.Bb5+ Bd7 10.Bxd7+ Nxd7 11.O-O cxd4 12.Qxd4 Bb6 13.Qf4 Bc7 14.Nb5 fxe5 
15.Nxc7+ Qxc7 16.Qh4 f6 17.Qh5+ Ke7 18.Nh4 Rh7 19.f4 Rg8 20.g3 Kd8 21.f5 
Rhg7 22.fxe6 Nc5 23.Rxf6 Ne4 24.Rf7 Rxf7 25.Qxf7 Qc5+ 26.Kf1 Rf8 27.Qxf8+ 
Qxf8+ 28.Nf3 0-1

[Event "II Festival A"]
[Site "Lido degli Estensi - Comacchio ITA"]
[Date "2001.06.08"]
[Round "7"]
[White "Ristic, Nenad"]
[Black "Skembris, Spyridon"]
[Result "1/2-1/2"]
[WhiteElo "2425"]
[BlackElo "2450"]
[PlyCount "29"]
[EventDate "2001.06.02"]

1.e4 e5 2.Nf3 Nf6 3.Nxe5 d6 4.Nf3 Nxe4 5.d4 d5 6.Bd3 Bd6 7.O-O O-O 8.Re1 
Bf5 9.Ng5 Nc6 10.c3 Bg6 11.Nxe4 dxe4 12.Bxe4 Bxh2+ 13.Kxh2 Qh4+ 14.Kg1 
Bxe4 15.Nd2 1/2-1/2

[Event "II Festival A"]
[Site "Lido degli Estensi - Comacchio ITA"]
[Date "2001.06.08"]
[Round "7"]
[White "Rivola, Franco"]
[Black "Del Vecchio, Gastone"]
[Result "1-0"]
[WhiteElo "1704"]
[BlackElo "1578"]
[PlyCount "61"]
[EventDate "2001.06.02"]

1.Nf3 Nf6 2.d4 g6 3.Nc3 Bg7 4.e4 d6 5.h3 O-O 6.Be3 Kh8 7.Qd2 Ng8 8.Bc4 Be6
9.Bxe6 fxe6 10.d5 exd5 11.exd5 h6 12.Nd4 Bxd4 13.Bxd4+ Kh7 14.O-O-O c5 15.
Be3 Nd7 16.f4 Qe8 17.Rde1 Qf7 18.g4 a6 19.Qg2 b5 20.h4 Nb6 21.h5 b4 22.
hxg6+ Kxg6 23.f5+ Kg7 24.Qh3 h5 25.Ne4 Qe8 26.Ng5 Rf6 27.Ne6+ Kh7 28.Qxh5+
Qxh5 29.Rxh5+ Nh6 30.Reh1 Nxd5 31.Bxh6 1-0

[Event "II Festival A"]
[Site "Lido degli Estensi - Comacchio ITA"]
[Date "2001.06.08"]
[Round "7"]
[White "Russo, Carmelo"]
[Black "Tomelleri, Alessio"]
[Result "0-1"]
[WhiteElo "1384"]
[BlackElo "1543"]
[PlyCount "62"]
[EventDate "2001.06.02"]

1.d4 f5 2.Nc3 Nf6 3.Bf4 e6 4.Nf3 Be7 5.Nb5 d6 6.e3 O-O 7.Bc4 c6 8.Nc3 d5 
9.Bb3 h6 10.h4 Bd7 11.Ne5 Bc8 12.h5 Nbd7 13.Nd3 Ne4 14.Nxe4 fxe4 15.Ne5 
Nxe5 16.Bxe5 Bg5 17.Qg4 Qe7 18.Rf1 Rf7 19.O-O-O Bd7 20.c4 Raf8 21.Qe2 Rf5 
22.c5 R8f7 23.g4 Rf3 24.Kb1 Bh4 25.Bf4 e5 26.dxe5 Bxg4 27.Rg1 Bxh5 28.Bxh6
Qxe5 29.Bf4 Qf6 30.Rg2 Rxf2 31.Qxh5 Qxb2# 0-1

[Event "II Festival A"]
[Site "Lido degli Estensi - Comacchio ITA"]
[Date "2001.06.08"]
[Round "7"]
[White "Trabert, Bettina"]
[Black "Tomasi, Diego"]
[Result "1-0"]
[WhiteElo "2269"]
[BlackElo "2042"]
[PlyCount "53"]
[EventDate "2001.06.02"]

1.e4 e6 2.d4 d5 3.Nd2 dxe4 4.Nxe4 Nd7 5.Nf3 Ngf6 6.Nxf6+ Nxf6 7.Bd3 c5 8.
O-O cxd4 9.Nxd4 Bc5 10.Nb3 Be7 11.c4 O-O 12.Bf4 Bd7 13.Qe2 Ba4 14.Rac1 Rc8
15.Be5 Bxb3 16.axb3 Qb6 17.Rc3 Rfd8 18.Bc2 Qc6 19.Rh3 g6 20.Bc3 Rd7 21.Re1
Qc5 22.Rf3 Ne8 23.Rxf7 Kxf7 24.Qxe6+ Kf8 25.Qxd7 Rc7 26.Qe6 Rc6 27.Qe4 1-0

[Event "II Festival A"]
[Site "Lido degli Estensi - Comacchio ITA"]
[Date "2001.06.09"]
[Round "8"]
[White "Barletta, Antonio"]
[Black "Mrdja, Milan"]
[Result "1/2-1/2"]
[WhiteElo "1902"]
[BlackElo "2450"]
[PlyCount "75"]
[EventDate "2001.06.02"]

1.e4 Nf6 2.e5 Nd5 3.d4 d6 4.Bc4 Nb6 5.Bb3 dxe5 6.Qh5 e6 7.dxe5 c5 8.c3 Nc6
9.Qe2 Qc7 10.Nf3 Nd7 11.Bf4 h6 12.h4 a6 13.Nbd2 b5 14.a4 Rb8 15.axb5 axb5 
16.Bc2 c4 17.h5 Bb7 18.Bg3 Ne7 19.O-O Nc5 20.Ne4 Nxe4 21.Bxe4 Bxe4 22.Qxe4
Nd5 23.Qg4 Rg8 24.Nd2 Be7 25.Ne4 Kf8 26.Qf3 Rd8 27.Ra6 Qc8 28.Ra7 f5 29.
exf6 gxf6 30.Be5 f5 31.Bd4 Ke8 32.Ng3 Rf8 33.Re1 Rf7 34.Ne2 Bg5 35.Qg3 
Rxa7 36.Bxa7 Qd7 37.Qe5 Kf8 38.Qh2 1/2-1/2

[Event "II Festival A"]
[Site "Lido degli Estensi - Comacchio ITA"]
[Date "2001.06.09"]
[Round "8"]
[White "Bukal, Vladimir jr"]
[Black "Naumkin, Igor"]
[Result "1/2-1/2"]
[WhiteElo "2392"]
[BlackElo "2446"]
[PlyCount "66"]
[EventDate "2001.06.02"]

1.d4 e6 2.Nf3 f5 3.Bg5 Be7 4.Bxe7 Qxe7 5.Qd3 Nf6 6.Nbd2 O-O 7.e4 fxe4 8.
Nxe4 Nxe4 9.Qxe4 Qb4+ 10.Nd2 d5 11.Qe3 Nc6 12.c3 Qxb2 13.Rb1 Qa3 14.Bd3 
Qd6 15.Nf3 Qf4 16.O-O g6 17.Ng5 h6 18.Nf3 b6 19.Qe2 h5 20.Bc2 Bd7 21.Ne1 
Rae8 22.Nd3 Qf6 23.f4 Bc8 24.h3 g5 25.Rf3 Qg7 26.Rbf1 Re7 27.Rg3 Ref7 28.
h4 e5 29.dxe5 Ne7 30.e6 Rf6 31.Ne5 Rxf4 32.Rxf4 Rxf4 33.hxg5 d4 1/2-1/2

[Event "II Festival A"]
[Site "Lido degli Estensi - Comacchio ITA"]
[Date "2001.06.09"]
[Round "8"]
[White "Burani, Eugenio"]
[Black "Di Lazzaro, Gabriele"]
[Result "1-0"]
[WhiteElo "1705"]
[BlackElo "1975"]
[PlyCount "67"]
[EventDate "2001.06.02"]

1.e4 d5 2.exd5 Nf6 3.d4 Nxd5 4.Nf3 Bg4 5.Be2 e6 6.c4 Nb6 7.O-O Be7 8.Nc3 
c6 9.Qd3 N8d7 10.b3 O-O 11.Bb2 Bf6 12.Ne4 Be7 13.Rad1 Bf5 14.Qe3 h6 15.Ne5
Qc7 16.Ng3 Bh7 17.Nh5 Nf6 18.Qg3 Nxh5 19.Bxh5 Nd7 20.Nxd7 Qxd7 21.d5 g6 
22.dxe6 Qxe6 23.Rfe1 Qf5 24.Bg4 Qg5 25.h4 Qxh4 26.Qe5 f6 27.Qxe7 Qxg4 28.
Rd7 Qxd7 29.Qxd7 Rad8 30.Qe6+ Rf7 31.Bxf6 Rf8 32.Rd1 g5 33.Rd7 Bf5 34.Qxf5
1-0

[Event "II Festival A"]
[Site "Lido degli Estensi - Comacchio ITA"]
[Date "2001.06.09"]
[Round "8"]
[White "Cebalo, Miso"]
[Black "Lelchuk, Zoja"]
[Result "1-0"]
[WhiteElo "2465"]
[BlackElo "2411"]
[PlyCount "49"]
[EventDate "2001.06.02"]

1.d4 Nf6 2.c4 g6 3.Nc3 Bg7 4.e4 O-O 5.f4 d6 6.Nf3 Bg4 7.Be2 Nfd7 8.Be3 Nc6
9.d5 Bxc3+ 10.bxc3 Na5 11.Nd2 Bxe2 12.Qxe2 e6 13.O-O Qe7 14.f5 exf5 15.
exf5 Rae8 16.Rae1 f6 17.fxg6 hxg6 18.c5 Ne5 19.cxd6 cxd6 20.Bxa7 b5 21.Bd4
f5 22.Qxb5 Qg5 23.Bxe5 Qxd2 24.Re2 Qg5 25.Bf6 1-0

[Event "II Festival A"]
[Site "Lido degli Estensi - Comacchio ITA"]
[Date "2001.06.09"]
[Round "8"]
[White "Costantini, Laura"]
[Black "Chiodini, Pietro"]
[Result "1-0"]
[WhiteElo "1924"]
[BlackElo "1492"]
[PlyCount "87"]
[EventDate "2001.06.02"]

1.e4 e5 2.Nf3 Nc6 3.d4 exd4 4.Nxd4 Nf6 5.Nxc6 bxc6 6.e5 Nd5 7.c4 Nb6 8.Nc3
Bb4 9.Qg4 Bxc3+ 10.bxc3 O-O 11.Bh6 g6 12.Bxf8 Qxf8 13.Be2 d6 14.Qg3 Ba6 
15.O-O Bxc4 16.Bxc4 Nxc4 17.exd6 cxd6 18.h4 a5 19.Rfe1 Re8 20.Qg4 Rxe1+ 
21.Rxe1 Ne5 22.Qa4 Qa8 23.Rb1 Nd7 24.Qb3 c5 25.a4 Kg7 26.f3 Qd8 27.Qb7 Qe7
28.Qe4 Qe5 29.Qxe5+ Nxe5 30.Kf2 Nc4 31.Ke2 Kf6 32.Kd3 Ne5+ 33.Ke4 Ke6 34.
Rb5 h6 35.Rxa5 g5 36.hxg5 hxg5 37.Ra8 f5+ 38.Ke3 Kd5 39.a5 Kc4 40.Kd2 Nc6 
41.a6 d5 42.a7 d4 43.cxd4 Kxd4 44.Rd8+ 1-0

[Event "II Festival A"]
[Site "Lido degli Estensi - Comacchio ITA"]
[Date "2001.06.09"]
[Round "8"]
[White "Costantini, Roberto"]
[Black "Vismara, Daniele"]
[Result "1-0"]
[WhiteElo "2268"]
[BlackElo "2231"]
[PlyCount "83"]
[EventDate "2001.06.02"]

1.e4 c5 2.Nf3 d6 3.d4 cxd4 4.Nxd4 Nf6 5.Nc3 a6 6.Be3 e6 7.f3 b5 8.g4 Nfd7 
9.Qd2 Nb6 10.O-O-O N8d7 11.Kb1 Bb7 12.Bg5 Qc7 13.Ndxb5 axb5 14.Nxb5 Qc5 
15.b4 Qc6 16.Nxd6+ Bxd6 17.Qxd6 Qxd6 18.Rxd6 Na4 19.Kc1 Nc3 20.Kb2 Rc8 21.
Kb3 Ne5 22.Bd2 Nxe4 23.fxe4 Bxe4 24.Bf4 Bxh1 25.Bxe5 O-O 26.c4 Rfd8 27.c5 
f6 28.Rxd8+ Rxd8 29.Bd6 Bf3 30.b5 g5 31.a4 e5 32.a5 e4 33.Bc4+ Kg7 34.Bd5 
Bd1+ 35.Kc3 e3 36.a6 e2 37.Kd2 Re8 38.Ke1 f5 39.a7 fxg4 40.a8=Q Rxa8 41.
Bxa8 h5 42.b6 1-0

[Event "II Festival A"]
[Site "Lido degli Estensi - Comacchio ITA"]
[Date "2001.06.09"]
[Round "8"]
[White "Del Vecchio, Gastone"]
[Black "Ricci, Alfredo"]
[Result "1-0"]
[WhiteElo "1578"]
[BlackElo "2088"]
[PlyCount "53"]
[EventDate "2001.06.02"]

1.e4 c5 2.Nf3 e6 3.d4 cxd4 4.Nxd4 a6 5.c4 Qc7 6.Nc3 d6 7.Bd3 Nf6 8.h3 Be7 
9.O-O Nbd7 10.b3 b6 11.Re1 Bb7 12.Bb2 O-O 13.Nf3 Rac8 14.a4 Rfd8 15.Qe2 
Nc5 16.Bc2 Bf8 17.Rad1 Qb8 18.Rd2 Qa8 19.Nh2 d5 20.cxd5 exd5 21.exd5 Nxd5 
22.Nxd5 Bxd5 23.Qh5 Be4 24.Bxe4 Nxe4 25.Rde2 g6 26.Qe5 Nc3 27.Bxc3 1-0

[Event "II Festival A"]
[Site "Lido degli Estensi - Comacchio ITA"]
[Date "2001.06.09"]
[Round "8"]
[White "Formanek, Edward W."]
[Black "Ristic, Nenad"]
[Result "0-1"]
[WhiteElo "2293"]
[BlackElo "2425"]
[PlyCount "84"]
[EventDate "2001.06.02"]

1.e4 c5 2.Nf3 e6 3.c3 Nf6 4.e5 Nd5 5.d4 cxd4 6.cxd4 d6 7.Nc3 Nxc3 8.bxc3 
Qc7 9.Bd2 Nd7 10.exd6 Bxd6 11.Bd3 b6 12.O-O Bb7 13.Re1 O-O 14.h3 Bf4 15.
Ne5 Bxd2 16.Qxd2 Rac8 17.Nxd7 Qxd7 18.a4 Rc7 19.a5 b5 20.Qb2 a6 21.Re3 
Rfc8 22.Be2 Bd5 23.Qb4 Rc6 24.Ra3 g6 25.Rg3 Qc7 26.Re3 Qf4 27.Qb2 b4 28.
Qxb4 Rb8 29.g3 Qc7 30.Qa4 Rb1+ 31.Bd1 Qb7 32.Ra1 Rc8 33.Rxb1 Qxb1 34.Qc2 
Rb8 35.Kh2 Qa1 36.Qd3 Rb1 37.Re1 Bb3 38.Bxb3 Rxe1 39.Qf3 Rc1 40.Qa8+ Kg7 
41.Qb8 Rh1+ 42.Kg2 Qf1+ 0-1

[Event "II Festival A"]
[Site "Lido degli Estensi - Comacchio ITA"]
[Date "2001.06.09"]
[Round "8"]
[White "Gandolfi, Gianfranco"]
[Black "Heinlein, Reinhold"]
[Result "0-1"]
[WhiteElo "1743"]
[BlackElo "2185"]
[PlyCount "54"]
[EventDate "2001.06.02"]

1.e4 c6 2.d4 d5 3.exd5 cxd5 4.c4 Nf6 5.Nc3 Nc6 6.cxd5 Nxd5 7.Nf3 Bg4 8.Be2
e6 9.O-O Be7 10.h3 Bh5 11.Ne4 O-O 12.Nc5 b6 13.Nb3 Bf6 14.Ne5 Bxe2 15.Qxe2
Rc8 16.Bd2 Qd6 17.f4 Rc7 18.Rac1 Rfc8 19.Qe4 g6 20.a3 a5 21.Rxc6 Rxc6 22.
Nxc6 Rxc6 23.Rc1 Ne7 24.Bc3 a4 25.Nd2 Bxd4+ 26.Kh2 Bxc3 27.Rxc3 Rxc3 0-1

[Event "II Festival A"]
[Site "Lido degli Estensi - Comacchio ITA"]
[Date "2001.06.09"]
[Round "8"]
[White "Logallo, Claudio"]
[Black "Gatta, Giorgio"]
[Result "0-1"]
[WhiteElo "1720"]
[BlackElo "1849"]
[PlyCount "38"]
[EventDate "2001.06.02"]

1.e4 c5 2.Nf3 Nc6 3.d4 cxd4 4.Nxd4 g6 5.Nc3 Bg7 6.Be3 Nf6 7.f3 O-O 8.Qd2 
d5 9.Nxc6 bxc6 10.exd5 cxd5 11.Bd4 Qa5 12.Be2 Rb8 13.Ne4 Qxd2+ 14.Nxd2 Bh6
15.Nb3 Bf5 16.c3 a5 17.Nxa5 Rxb2 18.Nb3 e5 19.Bc5 Ra8 0-1

[Event "II Festival A"]
[Site "Lido degli Estensi - Comacchio ITA"]
[Date "2001.06.09"]
[Round "8"]
[White "Mauro, Alan"]
[Black "Bukal, Vladimir sr"]
[Result "0-1"]
[WhiteElo "2225"]
[BlackElo "2439"]
[PlyCount "88"]
[EventDate "2001.06.02"]

1.e4 e6 2.d4 d5 3.Nc3 Bb4 4.Qd3 Ne7 5.a3 Bxc3+ 6.bxc3 O-O 7.Nf3 c5 8.e5 
Qa5 9.Ng5 Ng6 10.h4 c4 11.Qg3 Ne7 12.Bd2 Qa4 13.Rc1 h6 14.Nh3 Nf5 15.Qg4 
f6 16.Nf4 fxe5 17.Ng6 exd4 18.Nxf8 dxc3 19.Bxc3 Qxa3 20.Bd2 Qxf8 21.Qf4 
Nc6 22.g4 e5 23.Qf3 e4 24.Qf4 Nfd4 25.Qxf8+ Kxf8 26.g5 h5 27.Bg2 Bg4 28.
Be3 b5 29.c3 Nb3 30.Rb1 a5 31.O-O Ne5 32.Bf4 Nf3+ 33.Bxf3 Bxf3 34.Kh2 Ke7 
35.Be5 g6 36.Kg3 a4 37.Rb2 Ke6 38.Bf6 d4 39.cxd4 Kd5 40.Kf4 c3 41.Ra2 Ra7 
42.Ke3 Rc7 43.Rc2 b4 44.Ra2 a3 0-1

[Event "II Festival A"]
[Site "Lido degli Estensi - Comacchio ITA"]
[Date "2001.06.09"]
[Round "8"]
[White "Mayers, Dan E."]
[Black "Rivola, Franco"]
[Result "1-0"]
[WhiteElo "2115"]
[BlackElo "1704"]
[PlyCount "76"]
[EventDate "2001.06.02"]

1.e4 e6 2.d4 d5 3.Nc3 dxe4 4.f3 exf3 5.Nxf3 c5 6.Be3 Nf6 7.dxc5 Qxd1+ 8.
Rxd1 a6 9.b4 Nc6 10.a3 Be7 11.Bc4 O-O 12.O-O e5 13.Rd2 Bg4 14.Bg5 Rad8 15.
Bxf6 Bxf6 16.Nd5 Bxf3 17.Nxf6+ gxf6 18.Rxd8 Rxd8 19.Rxf3 Rd1+ 20.Rf1 Rxf1+
21.Kxf1 f5 22.Ke2 Kg7 23.Kd3 e4+ 24.Ke3 Kf6 25.c3 Nd8 26.a4 Ne6 27.Bd5 Nd8
28.c4 Ke5 29.g3 Nc6 30.b5 axb5 31.axb5 Nd8 32.b6 h6 33.h3 h5 34.h4 f6 35.
Bg8 Nc6 36.Bf7 Na5 37.Bd5 Nc6 38.Bxc6 bxc6 1-0

[Event "II Festival A"]
[Site "Lido degli Estensi - Comacchio ITA"]
[Date "2001.06.09"]
[Round "8"]
[White "Pircher, Karl"]
[Black "Opacic, Alexandar"]
[Result "1/2-1/2"]
[WhiteElo "2041"]
[BlackElo "1921"]
[PlyCount "59"]
[EventDate "2001.06.02"]

1.d4 d5 2.c4 c6 3.Nf3 Nf6 4.Nc3 a6 5.a4 e6 6.Bg5 Nbd7 7.e3 h6 8.Bxf6 Nxf6 
9.Bd3 Bd6 10.O-O O-O 11.c5 Bc7 12.b4 e5 13.dxe5 Ng4 14.Bc2 Nxe5 15.Nd4 Qh4
16.g3 Qg5 17.Kg2 Bg4 18.f3 Bh5 19.Qe2 Rfe8 20.Qf2 Rad8 21.a5 Bg6 22.Rae1 
Bd3 23.Rg1 Qg6 24.Rd1 Bxc2 25.Nxc2 Nd3 26.Qd2 Nb2 27.Rc1 Nc4 28.Qf2 Be5 
29.Nd4 Bf6 30.Rge1 1/2-1/2

[Event "II Festival A"]
[Site "Lido degli Estensi - Comacchio ITA"]
[Date "2001.06.09"]
[Round "8"]
[White "Skembris, Spyridon"]
[Black "Martinovic, Slobodan"]
[Result "1/2-1/2"]
[WhiteElo "2450"]
[BlackElo "2433"]
[PlyCount "35"]
[EventDate "2001.06.02"]

1.d4 Nf6 2.c4 g6 3.Nc3 Bg7 4.e4 d6 5.Bd3 O-O 6.Nge2 e5 7.d5 a5 8.a3 c6 9.
Rb1 cxd5 10.cxd5 Na6 11.b4 axb4 12.axb4 Bd7 13.O-O Qe7 14.f3 Nh5 15.Bb5 
Rfc8 16.Be3 Nf4 17.Bxd7 Qxd7 18.b5 1/2-1/2

[Event "II Festival A"]
[Site "Lido degli Estensi - Comacchio ITA"]
[Date "2001.06.09"]
[Round "8"]
[White "Tocco, Paolo"]
[Black "Cedikova, Katerina"]
[Result "0-1"]
[WhiteElo "2144"]
[BlackElo "2137"]
[PlyCount "62"]
[EventDate "2001.06.02"]

1.e4 c5 2.Nc3 Nc6 3.g3 g6 4.Bg2 Bg7 5.d3 e6 6.Be3 d6 7.Qd2 Rb8 8.Nf3 Nd4 
9.Bxd4 cxd4 10.Nb5 e5 11.Qb4 Bf8 12.Nxa7 Bd7 13.Nb5 Qb6 14.a4 Nf6 15.O-O 
Be7 16.Nd2 O-O 17.c3 dxc3 18.bxc3 Rfe8 19.Qb2 h5 20.d4 Bf8 21.h3 Rbc8 22.
Kh2 Bh6 23.f4 h4 24.fxe5 hxg3+ 25.Kh1 dxe5 26.dxe5 Rxe5 27.c4 Re6 28.e5 
Nh5 29.Ne4 Rxc4 30.Ned6 Rf4 31.Qb3 Bg7 0-1

[Event "II Festival A"]
[Site "Lido degli Estensi - Comacchio ITA"]
[Date "2001.06.09"]
[Round "8"]
[White "Tomasi, Diego"]
[Black "Navarro, Emanuele"]
[Result "0-1"]
[WhiteElo "2042"]
[BlackElo "1924"]
[PlyCount "122"]
[EventDate "2001.06.02"]

1.e4 d6 2.d4 Nf6 3.Bd3 g6 4.Be3 Bg7 5.Nf3 Ng4 6.Bg5 c5 7.h3 Nf6 8.dxc5 
Qa5+ 9.c3 Qxc5 10.Nbd2 Nbd7 11.Nb3 Qc7 12.Qe2 O-O 13.O-O a6 14.Rfe1 b5 15.
e5 dxe5 16.Nxe5 Nb6 17.Bf4 Nbd5 18.Bh2 Qb6 19.c4 bxc4 20.Bxc4 Bb7 21.Rad1 
Rad8 22.a4 a5 23.Bb5 Bh6 24.Nc4 Qa7 25.Nbxa5 Bf4 26.Nxb7 Qxb7 27.Qf3 Bxh2+
28.Kxh2 Qc7+ 29.g3 Qc5 30.Re5 e6 31.Rd2 Qb4 32.Rde2 Rb8 33.b3 Kg7 34.Qd3 
Nc3 35.R2e3 Nxb5 36.axb5 Rxb5 37.Rxb5 Qxb5 38.Kg2 Nd5 39.Qd4+ Kg8 40.Rf3 
Qb4 41.Qe5 Rd8 42.h4 h5 43.Rd3 Nf4+ 44.Qxf4 Rxd3 45.Qc7 Qf8 46.Qb7 Qd8 47.
Ne3 Rd2 48.Qe4 Qf6 49.Qf3 Qxf3+ 50.Kxf3 Rb2 51.Nc4 Rxb3+ 52.Kg2 Kg7 53.Nd6
Rb4 54.f3 Kf6 55.Kf2 Ke7 56.Ne4 Rxe4 57.fxe4 Kf6 58.Kf3 Ke5 59.Ke3 f5 60.
exf5 Kxf5 61.Kf3 e5 0-1

[Event "II Festival A"]
[Site "Lido degli Estensi - Comacchio ITA"]
[Date "2001.06.09"]
[Round "8"]
[White "Trifunovic, Dusan"]
[Black "Tomelleri, Alessio"]
[Result "1/2-1/2"]
[WhiteElo "2055"]
[BlackElo "1543"]
[PlyCount "30"]
[EventDate "2001.06.02"]

1.e4 e5 2.d4 exd4 3.Qxd4 Nc6 4.Qe3 Nf6 5.Nc3 Bb4 6.Bd2 O-O 7.O-O-O Re8 8.
Bc4 Bxc3 9.Bxc3 Nxe4 10.Qf4 Re7 11.Bxg7 Kxg7 12.f3 Nd6 13.Qg5+ Kh8 14.Qf6+
Kg8 15.Qg5+ Kh8 1/2-1/2

[Event "II Festival A"]
[Site "Lido degli Estensi - Comacchio ITA"]
[Date "2001.06.09"]
[Round "8"]
[White "Vezzani, Stefano"]
[Black "Popa, Claudiu"]
[Result "1/2-1/2"]
[WhiteElo "2230"]
[BlackElo "2101"]
[PlyCount "98"]
[EventDate "2001.06.02"]

1.e4 e5 2.Nf3 Nc6 3.Bb5 a6 4.Ba4 f5 5.d3 fxe4 6.dxe4 d6 7.Bb3 Nf6 8.Ng5 d5
9.Bxd5 Nxd5 10.exd5 Nd4 11.c3 Nf5 12.O-O Be7 13.Ne4 O-O 14.b3 Qe8 15.Ba3 
Bxa3 16.Nxa3 Qg6 17.Qe2 Bd7 18.Rad1 Rae8 19.Nc4 b5 20.Ncd2 b4 21.cxb4 Nd4 
22.Qd3 Bb5 23.Nc4 Rf3 24.Qb1 Ne2+ 25.Kh1 Rf4 26.Ng3 Qxb1 27.Rxb1 Bxc4 28.
bxc4 Nxg3+ 29.hxg3 Rxc4 30.Rfc1 Rxc1+ 31.Rxc1 Rd8 32.Rc5 Rd7 33.Kg1 Kf7 
34.g4 Ke7 35.f3 Kd6 36.Kf2 Rd8 37.Ke3 Rf8 38.g3 Rb8 39.a3 Rb5 40.Rxb5 axb5
41.Ke4 g5 42.Kf5 Kxd5 43.Kxg5 Kd4 44.Kh6 Ke3 45.Kxh7 Kxf3 46.g5 e4 47.g6 
e3 48.g7 e2 49.g8=Q e1=Q 1/2-1/2

[Event "II Festival A"]
[Site "Lido degli Estensi - Comacchio ITA"]
[Date "2001.06.09"]
[Round "8"]
[White "Weinberg, Emanuele"]
[Black "Russo, Carmelo"]
[Result "1-0"]
[WhiteElo "1701"]
[BlackElo "1384"]
[PlyCount "95"]
[EventDate "2001.06.02"]

1.d4 Nf6 2.c4 g6 3.Nc3 d5 4.cxd5 Nxd5 5.e4 Nxc3 6.bxc3 Bg7 7.Bc4 c5 8.Be3 
Qa5 9.Qd2 Nc6 10.Ne2 cxd4 11.cxd4 Qxd2+ 12.Kxd2 O-O 13.Rhd1 Rd8 14.Ke1 Nb4
15.Rac1 a6 16.a3 Nc6 17.f3 Na5 18.Ba2 b5 19.d5 Nb7 20.Nd4 Nd6 21.Rc7 Bd7 
22.Rdc1 Kf8 23.Nc6 Bxc6 24.dxc6 Bb2 25.Rc2 Bxa3 26.Ra7 Rxa7 27.Bxa7 Rc8 
28.c7 Bb4+ 29.Ke2 Ba5 30.Bb8 Ne8 31.Rc6 Bxc7 32.Ba7 a5 33.Bb6 a4 34.Rc5 e6
35.Ba5 Ke7 36.Bb4 Nd6 37.e5 Nf5 38.Rxc7+ Kd8 39.Rxc8+ Kxc8 40.Bc3 Kb7 41.
g4 Ne7 42.Bb1 Kb6 43.Be4 Kc5 44.Kd3 b4 45.Bd4+ Kb5 46.Kc2 Kc4 47.Ba7 Nd5 
48.Bd3# 1-0

[Event "II Festival A"]
[Site "Lido degli Estensi - Comacchio ITA"]
[Date "2001.06.10"]
[Round "9"]
[White "Chiodini, Pietro"]
[Black "Weinberg, Emanuele"]
[Result "1/2-1/2"]
[WhiteElo "1492"]
[BlackElo "1701"]
[PlyCount "47"]
[EventDate "2001.06.02"]

1.e4 Nf6 2.Nc3 d5 3.exd5 Nxd5 4.Bc4 c6 5.Qf3 e6 6.Nh3 Nd7 7.Bb3 Bd6 8.Ne4 
Be7 9.O-O O-O 10.c4 N5f6 11.d4 Nxe4 12.Qxe4 Nf6 13.Qh4 Ne8 14.Qe4 Bf6 15.
Rd1 g6 16.d5 exd5 17.cxd5 Bf5 18.Qf3 Qc8 19.dxc6 bxc6 20.Qe3 c5 21.Rd5 Bd4
22.Rxd4 cxd4 23.Qxd4 Be6 24.Bh6 1/2-1/2

[Event "II Festival A"]
[Site "Lido degli Estensi - Comacchio ITA"]
[Date "2001.06.10"]
[Round "9"]
[White "Costantini, Laura"]
[Black "Ruzza, Claudio"]
[Result "1/2-1/2"]
[WhiteElo "1924"]
[BlackElo "2088"]
[PlyCount "65"]
[EventDate "2001.06.02"]

1.e4 g6 2.d4 Bg7 3.Nc3 c6 4.Be3 d6 5.Qd2 Nd7 6.Nf3 Qc7 7.Rd1 b5 8.Bd3 a6 
9.O-O e5 10.dxe5 dxe5 11.a3 Ngf6 12.Be2 Bb7 13.Ng5 h6 14.Nh3 g5 15.f3 Bf8 
16.Nf2 Bc5 17.Nd3 Bxe3+ 18.Qxe3 Nh5 19.Nc5 O-O-O 20.b4 Nf4 21.Nxd7 Rxd7 
22.Rxd7 Qxd7 23.Rd1 Qe7 24.g3 Ne6 25.Na2 Rd8 26.c3 Rxd1+ 27.Bxd1 c5 28.Nc1
c4 29.Be2 Qd6 30.Kf2 Kc7 31.Ke1 Qb6 32.Kd2 Qxe3+ 33.Kxe3 1/2-1/2

[Event "II Festival A"]
[Site "Lido degli Estensi - Comacchio ITA"]
[Date "2001.06.10"]
[Round "9"]
[White "Di Lazzaro, Gabriele"]
[Black "Trifunovic, Dusan"]
[Result "1-0"]
[WhiteElo "1975"]
[BlackElo "2055"]
[PlyCount "43"]
[EventDate "2001.06.02"]

1.e4 e5 2.Nf3 Nc6 3.Bc4 Nf6 4.Ng5 d5 5.exd5 b5 6.dxc6 bxc4 7.Qe2 Be7 8.
Qxc4 O-O 9.O-O h6 10.Ne4 Nd5 11.Nbc3 Nb4 12.Qb3 Be6 13.Qa4 f5 14.a3 fxe4 
15.axb4 Bc4 16.Re1 Rxf2 17.Nxe4 Qd4 18.Nxf2 Rf8 19.Qxa7 Qd5 20.d3 Bxb4 21.
dxc4 Qxc6 22.Be3 1-0

[Event "II Festival A"]
[Site "Lido degli Estensi - Comacchio ITA"]
[Date "2001.06.10"]
[Round "9"]
[White "Formanek, Edward W."]
[Black "Costantini, Roberto"]
[Result "1-0"]
[WhiteElo "2293"]
[BlackElo "2268"]
[PlyCount "45"]
[EventDate "2001.06.02"]

1.d4 Nf6 2.c4 c5 3.Nf3 cxd4 4.Nxd4 e6 5.g3 d5 6.Bg2 e5 7.Nf3 d4 8.e3 Nc6 
9.exd4 exd4 10.O-O Be7 11.b3 O-O 12.Bb2 d3 13.Nc3 Bg4 14.Qd2 Bb4 15.Rad1 
Qa5 16.Qxd3 Ne5 17.Nxe5 Bxd1 18.Nd5 Nxd5 19.Bxd5 Qxa2 20.Nxf7 Rxf7 21.Qd4 
Bf8 22.Rxd1 Qxb3 23.Rd3 1-0